| 000 | 00518nam a22001697a 4500 | ||
|---|---|---|---|
| 008 | 150601b xxu||||| |||| 00| 0 eng d | ||
| 020 | _a0387536361 | ||
| 041 | 0 | _aeng | |
| 080 | _a343.982 | ||
| 100 | 1 |
_aBohlin, Torsten, _d1931- |
|
| 245 | 1 | 0 |
_aInteractive system identification : _cTorsten Bohlin. |
| 260 |
_aBerlin ; _bSpringer-Verlag, _cc1991. |
||
| 300 |
_a365 f. : _bme il. ; _c24 cm. |
||
| 650 | 0 | _aIdentifikimi i sistemeve | |
| 650 | 0 | _aSistemet e ndryshueshme dinamike | |
| 942 |
_2udc _cBK |
||
| 999 |
_c946 _d946 |
||